000 01061nam a2200277Ia 4500
001 Para_9996
003 CHAP
008 220125sMayo xx 000 0 und d
010 _a208625
040 _cCHAP
090 _aPA CD - TESIS 77
100 _aRíos Palacios, Juan José
_999231
245 _aAlternativas para el manejo de enfermedades en el cultivo de Gervera (Gerbera Jamesonli H. Bolus) bajo un esquema de bajo impacto ambiental, en Villa Guerrero, Estado de México /
_c Juan José Ríos Palacios; Director Bertha Tlapal Bolaños
260 _aChapingo, Méx. :
_b el autor
300 _a1 CDS ROM (88 p.)
502 _aTesis (Ing. Agr. Esp. en Parasitología Agrícola). UACh. Departamento Parasitología Agrícola
700 _aTlapal Bolaños, Bertha. Director
_9171336
710 _aUACh. Departamento Parasitología Agrícola
_9164025
901 _aPA CD - TESIS 77
902 _aM
905 _a513220Mayo, 2011 amn 8100000000 06
910 _aMayo
942 _cPARA
942 _cPARA
_d2
999 _c208625
_d208625